| 000 | 00784nam a2200253Ia 4500 | ||
|---|---|---|---|
| 003 | OSt | ||
| 005 | 20221006154102.0 | ||
| 006 | a|||||r|||| 00| 0 | ||
| 007 | ta | ||
| 008 | 221006b |||||||| |||| 00| 0 eng d | ||
| 020 | _a0710306539 | ||
| 024 | _a34,367 | ||
| 037 |
_bGift, IIAS _cTextual |
||
| 040 |
_aEASL _cEASL _beng |
||
| 041 |
_2eng _aeng |
||
| 082 | _aY741:1.4, N9;-1 | ||
| 100 |
_aDouw Leo Ed. _9235110 |
||
| 245 | 0 |
_aQiaoxiang ties _b Interdiscipilinary approaches to crutial capitalism in south china |
|
| 260 |
_aLondon _bIIAS Press _c1999 |
||
| 300 |
_a346p. _ccm. |
||
| 490 |
_v CEL _aStudies from the International Institute for Asian Studies |
||
| 942 |
_hY741:1.4, N9;-1 _cTEXL _2CC |
||
| 999 |
_c1102453 _d1102453 |
||